Statistics for Roberto Benigni Filmography

Click here to take the quiz!

General Stats

  • This quiz has been taken 4 times
    (2 since last reset)
  • The average score is 4 of 43

Answer Stats

TypeYearName% Correct
Film1997Life Is Beautiful
100%
Film1991Johnny Stecchino
50%
Film2002Pinocchio
50%
Film2019Pinocchio
50%
Film1994The Monster
50%
Film2005The Tiger and the Snow
50%
Film1999Asterix and Obelix vs. Caesar
0%
Film1977Berlinguer, I Love You
0%
Film2003Coffee and Cigarettes
0%
Short Film1986Coffee and Cigarettes
0%
Film1986Down by Law
0%
TV Documentary1999Drôles, Tendre et Méchants: La Comédie à l'Italienne de Totò à Roberto Benigni
0%
Film1983"FF.SS." – Cioè: "...che mi hai portato a fare sopra a Posillipo se non mi vuoi più bene?"
0%
FilmTBAGod Bless You Al Pacino
0%
Film1981Il Minestrone
0%
Film1980In the Pope's Eye
0%
Documentary2010La Commedia di Amos Poe
0%
TV Show1976L'Altra Domenica
0%
Film1979La Luna
0%
TV Mini-Series1979Ma Che Cos'è Questo Amore
0%
TV Film1982Morto Troisi, Viva Troisi!
0%
Film1991Night on Earth
0%
Film1984Nothing Left to Do But Cry
0%
TV Mini-Series1976Onda Libera
0%
Film2011Pistachio - The Little Boy That Woodn't
0%
TV Documentary2007Roberto Benigni: Il Quinto dell'Inferno
0%
TV Documentary2012Roberto Benigni: La Più Bella del Mondo
0%
Documentary1983Roberto Benigni: Tuttobenigni
0%
Documentary1996Roberto Benigni: Tuttobenigni 95/96
0%
TV Documentary2002Roberto Benigni: Tutto Dante - L'ultimo del Paradiso
0%
Documentary2005Roberto Introduces Benigni
0%
Film1979Seeking Asylum
0%
TV Show1973Seguirà una Brillantissima Farsa...
0%
Film1993Son of the Pink Panther
0%
TV Mini-Series1972Sorelle Materassi
0%
Film1979The Days Are Numbered
0%
Film1988The Little Devil
0%
Film1990The Voice of the Moon
0%
Film1979Tigers in Lipstick
0%
Film2012To Rome with Love
0%
Film1983Tu Mi Turbi
0%
TV Mini-Series1978Vita da Cioni
0%
Film1979Womanlight
0%

Score Distribution

Percentile by Number Answered

Percent of People with Each Score

Your Score History

You have not taken this quiz since the last reset